000 00210 a2200097 4500
001 11935
100 _aLipman, M.H.
245 _aPolitical science
260 _a
_bBarnes & nobel books
_c
090 _c9189
_d9189
942 _aNUST-CAE
_cM
_c36032
999 _c247008
_d247008